REMEMRING OUR LEADER PART-5 (Record no. 193317)

MARC details
000 -LEADER
fixed length control field 00383nam a22001457a 4500
008 - FIXED-LENGTH DATA ELEMENTS--GENERAL INFORMATION
fixed length control field 221020b ||||| |||| 00| 0 eng d
082 ## - DEWEY DECIMAL CLASSIFICATION NUMBER
Classification number 920-PAL
100 ## - MAIN ENTRY--PERSONAL NAME
Personal name PAL, SAHANA
245 ## - TITLE STATEMENT
Title REMEMRING OUR LEADER PART-5
Medium ENGLISH
260 ## - PUBLICATION, DISTRIBUTION, ETC. (IMPRINT)
Place of publication, distribution, etc NEW DELHI
Name of publisher, distributor, etc A.I.C.B
Date of publication, distribution, etc ROHINI
270 ## - ADDRESS
Address A.I.C.B,ROHINI NEW DELHI
300 ## - PHYSICAL DESCRIPTION
Extent .
Other physical details .
Dimensions 12X13
490 ## - SERIES STATEMENT
Volume number/sequential designation 1-2
942 ## - ADDED ENTRY ELEMENTS (KOHA)
Source of classification or shelving scheme Dewey Decimal Classification
Item type Braille-Books-English
Call number prefix 920
Call number suffix P
Holdings
Withdrawn status Lost status Not for loan Home library Current library Date acquired Source of acquisition Cost, normal purchase price Full call number Barcode Koha item type
      Braille-Library Braille-Library 20/10/2022 Braille-Library 5.00 920-PAL BR-003372 Braille-Books-English
      Braille-Library Braille-Library 20/10/2022 Braille-Library 5.00 920-PAL BR-003373 Braille-Books-English
      Braille-Library Braille-Library 20/10/2022 Braille-Library 5.00 920-PAL BR-003374 Braille-Books-English
      Braille-Library Braille-Library 20/10/2022 Braille-Library 5.00 920-PAL BR-003375 Braille-Books-English
      Braille-Library Braille-Library 20/10/2022 Braille-Library 5.00 920-PAL BR-003376 Braille-Books-English
      Braille-Library Braille-Library 20/10/2022 Braille-Library 5.00 920-PAL BR-003377 Braille-Books-English

© Delhi Public Library
Hit Counter
free hit counter